00553cam a22001457a 4500008004000000082001800040100002000058245013100078260002800209300001000237650003100247700002100278999001900299952008900318180718b1972 xxu||||| |||| 00| 0 eng d aB135x669 Sm72 aSmock, David R. aCultural and political aspects of rural transformation: a case study of eastern Nigeriacby David R. Smock and Audrey C. Smock aNew YorkbPraegerc1972 a387p. aRural employment - Nigeria aSmock, Audrey C. c354774d354774 00104070aIIPAbIIPAd1993-12-14oB135x669 Sm72p55627r2018-07-21w2018-07-21yBK